Представление документа в формате RUSMARC

ПолеНазваниеЗначение
  Тип записи a
  Библиографический уровень m
001 Контрольный номер RU/SLIB/B/208735979
005 Дата корректировки 20201206204038.9
010 Индекс ISBN __
d Цена 1-30
101 Язык документа __
a Язык текста rus
200 Заглавие и сведения об ответственности __
a Заглавие Разведка и промышленная оценка месторождений нерудных полезных ископаемых
f Первые сведения об ответственности Борзунов В. М.
b Общее обозначение материала Текст
210 Выходные данные __
a Место издания М.
c Издательство Недра
d Дата издания 1982
215 Физическое описание __
a Объем 312 с.
c Иллюстрации/тип воспроизводства ил.
606 Тематические рубрики __
a Основная рубрика Геология
a Основная рубрика Геология полезных ископаемых в целом
610 Ключевые слова __
a Ключевые слова месторождения; геологоразведка; нерудные полезные искомаемые
686 Индексы других классификаций __
a Классификационный индекс 26.342
700 Автор __
a Фамилия Борзунов
b Имя В. М.
4 Код отношения 070
801 Источник записи _0
a Страна RU
b Организация Муниципальное бюджетное учреждение культуры "Централизованная библиотечная система" г. Сургут (Центральная городская библиотека им. А. С. Пушкина)
g Правила каталогизации КиК/Уланова
801 Источник записи _1
a Страна RU
b Организация Муниципальное бюджетное учреждение культуры "Централизованная библиотечная система" г. Сургут (Центральная городская библиотека им. А. С. Пушкина)
g Правила каталогизации КиК/Уланова
852 Данные о местонахождении __
j Шифр хранения 26.342
c Каталожный индекс 26.342
i Авторский знак Б 82
p Инвентарный номер 14238
901 Тип документа __
t Тип документа m
990 Данные о заказе (DOS) __
j Количество экземпляров (DOS) 1